| 000 | 01000cam7a220024100 4500 | ||
|---|---|---|---|
| 001 | lce00570345 | ||
| 008 | 711124s1964 iluk b 000 0 eng | ||
| 010 | _a 64014912 | ||
| 035 | _a(Sirsi) r111641 | ||
| 035 | _a(DLC) 64014912 | ||
| 035 | _a(UPRA)lce00570345 | ||
| 043 | _an-us--- | ||
| 050 | 0 |
_aKF310 _b.C6M3 |
|
| 082 | _a340 | ||
| 100 | 1 |
_aMacKinnon, Frederick Benjamin, 1919- _dMacKinnon, Frederick Benjamin, 1919- _6A72408.1 |
|
| 245 | 1 | 0 |
_aContingent fees for legal services; _ba study of professional economics and responsibilities, _cby F. B. MacKinnon. A report of the American Bar Foundation. |
| 260 |
_aChicago, _bAldine Pub. Co. _c[1964] |
||
| 504 | _a"Selected references": p. 233. Bibliography: p. 234-241. | ||
| 650 | 0 |
_aLawyers -- United States -- Fees. _zLawyers -- United States -- Fees. _xLawyers -- United States -- Fees. _6S54189.1 |
|
| 710 | 2 |
_aAmerican Bar Foundation. _6A40706.1 |
|
| 949 |
_aKF310 _wlcc _i33729001746952 _mMAIN _p2500 _tBOOK _lON-SHELF |
||
| 004 | 111641 | ||
| 999 |
_c185778 _d185778 |
||